000 00574nam a22001817a 4500
999 _c191749
_d191749
005 20220901162847.0
010 _aENG-134877
020 _a9789389211696
_c800.00
035 _aEN-118409
037 _bDBAD/PUB
082 _a510
100 _aGulati, Tarun
245 _aMathematics for CBSE Class X/
_cTarun Gulati
260 _aHyderabad
_bUniversities Press India Private Limited
_c2022
270 _bHyderabad
_a3-6-747/1/A & 3-6-754/I, Himayatnagar
_e500029
_minfo@universititespress.com
300 _avp.
_c24cm(pbk)
942 _2ddc
_cEN
_h510
_mGUL